| 000 | 01061nac a22003011i 4500 | ||
|---|---|---|---|
| 003 | EG-ScBUE | ||
| 005 | 20230319113452.0 | ||
| 008 | 230319t2001 nyua f b 001 0ceng d | ||
| 020 | _a081604242X (alk. paper) | ||
| 020 | _a9780816042425 | ||
| 040 |
_aEG-ScBUE _beng _erda _cEG-ScBUE _dEG-ScBUE |
||
| 082 | 0 | 4 |
_a796.0922 _bMCG _222 |
| 100 | 1 |
_aMcGovern, Mike, _eauthor. |
|
| 245 | 1 | 4 |
_aThe encyclopedia of twentieth-century athletes / _cMike McGovern. |
| 246 | 3 | 4 |
_aEncyclopedia of 20th-century athletes : _bmore than 900 entries from Muhammad Ali to Cy Young |
| 264 | 1 |
_aNew York, NY : _bFacts On File, Inc., _c[2001] |
|
| 264 | 4 | _cc2001 | |
| 300 |
_axi, 420 pages : _billustrations ; _c29 cm. |
||
| 336 |
_2rdacontent _btext _atxt |
||
| 337 |
_2rdamedia _aunmediated _bn |
||
| 338 |
_2rdacarrier _avolume _bnc |
||
| 504 | _aIncludes bibliographical references and index. | ||
| 650 | 7 |
_aAthletes _vBiography _vEncyclopedias. _2BUEsh |
|
| 653 | _bGGEN | ||
| 655 | _vReading book | ||
| 942 |
_cNB _k796.0922 MCG _2ddc |
||
| 999 |
_c7009 _d7009 |
||